000 00782nam a22002057a 4500
999 _c194223
_d194223
005 20221209165421.0
010 _aUR-11787
020 _a9789392496196
_c350.00
035 _aU-10342
037 _bDBAD/PUB
_a-
082 _a840.8
245 _aمکتب و محراب کا مثا لی پا سبان /
_cمرتب - واسع احمد اور مصطفئ علی سروری
_hا ر د و
246 _aMaktab Wa Mehrab Ka Misali Pasban /
_bed. by Wasey Ahmed [and] Mustafa Ali Sarwari
260 _aNew Delhi
_bEducational Publishing House
_c2021 ء
270 _aH.o. D1/16, Ansari Road, Darya Ganj
_bNew Delhi
_e110002
300 _a310 ص
_c23cm(Hb)
700 _aواسع احمد
700 _aمصطفئ علی سروری
942 _2ddc
_cUR
_h840.8
_mم ک ت